| 000 | 01326nam a22003617a 4500 | ||
|---|---|---|---|
| 003 | CHAP | ||
| 005 | 20220817043045.0 | ||
| 008 | 971010s1978 r 10010 d | ||
| 010 | _a64203 | ||
| 011 | _a65175 | ||
| 035 | _a71437 | ||
| 040 | _cCHAP | ||
| 082 |
_a631.4063 _bC7 1975 |
||
| 111 | 0 | 0 |
_aCongreso Nacional de la Ciencia del Suelo ( _n8 _d: 1975 _c: Saltillo, Coah.) _927071 |
| 245 | _aMemorias | ||
| 260 |
_aMéxico : _bLa Sociedad, _c1978 |
||
| 300 |
_av. _b: ilus. ; gráfs. |
||
| 500 | _aLa biblioteca tiene: v.1 | ||
| 590 |
_aBATCH-UPD _b10 _c20130110 _lUCH01 _h0834 |
||
| 590 |
_aBATCH-UPD _b10 _c20130410 _lUCH01 _h0512 |
||
| 590 |
_aBATCH-UPD _b10 _c20130914 _lUCH01 _h2038 |
||
| 590 |
_aCONVERSION _b10 _c20130109 _lUCH01 _h1335 |
||
| 650 | 1 | 4 |
_aSuelos _xCongresos. _9110281 |
| 650 | 1 | 4 |
_aSuelos _xCongresos _xMéxico. _9110282 |
| 710 | 0 | _aSociedad Mexicana de la Ciencia del Suelo. | |
| 901 | _aBK | ||
| 942 | _cLIBRO | ||
| 949 |
_a631.4063 C65 1975 _bBC _cCONG _d-144823 _eCONG _fv.1 c.2 _h54940 _i71437 _si |
||
| 949 |
_a631.4063 C65 1975 _bBC _cLIBRO _d-144822 _eLIBRO _fv.1 _h54939 _i71437 _si |
||
| 949 |
_a631.4063 C65 1975 _bF _cLIBRO _d-23540 _eLIBRO _h2026 _i71437 _si |
||
| 949 |
_a631.4063 C7 1975 _bS _cLIBRO _d-4062 _eLIBRO _h2593 _i71437 _si |
||
| 949 |
_a631.4063 C7 1975 _bS _cLIBRO _d-53415 _eLIBRO _fc.2 _h2594 _i71437 _si |
||
| 999 |
_c64203 _d64203 |
||